000 00612nam a2200241 i 4500
001 C2-0114749
003 PPAK
005 20180727104844.0
008 970712s1990 enk |||| ||||| | eng d
020 _a0330309765
040 _aPPAK
_beng
_cPPAK
_erda
082 0 4 _a823
_223
090 0 0 _a823
_bBUC
_dG
100 1 _aBuchanan, Edna,
_eauthor
245 1 0 _aNobody lives forever
264 1 _aLondon :
_bPan Books ,
_c1990
300 _a310 pages ;
_c18 cm
336 _2rdacontent
_atext
337 _2rdamedia
_aunmediated
338 _2rdacarrier
_avolume
650 1 0 _aEnglish fiction
942 _ddc
_cB
999 _c29449
_d29449